Technical forestry education : Design and implementation

Bibliographic Details
Main Author: HILMI
Corporate Author: Food and Agriculture Organization of the United Nations (FAO)
Other Authors: SIM
Format: Book
Published: Rome : Food and Agriculture Organization of the United Natons , 1984
Series:FAO forestry paper ; 47
Subjects:

MARC

LEADER 00000cam a2200000 7i4500
001 0000001276
005 20140402.0
020 0 0 |a 9251020809 
090 0 0 |a FAO634.907   |b HIL 1984 
100 1 0 |a HILMI   |h H. A. 
245 1 0 |a Technical forestry education :   |b Design and implementation   |c by H.A. Hilmi and D. Sim 
260 0 0 |a Rome :   |b Food and Agriculture Organization of the United Natons ,   |c 1984 
300 |a xii, 121 p. ;   |c 30 cm. 
440 0 0 |a FAO forestry paper ; 47 
650 0 0 |a Forestry schools and education 
650 0 0 |a Forests and forestry   |x Study and teaching 
700 0 1 |a SIM   |h D. 
710 1 1 |a Food and Agriculture Organization of the United Nations (FAO) 
998 |a JPSM 
999 |a 0000005877   |b Monograph   |c Food and Agriculture Organization   |e Default branch